Construction law (Record no. 101992)
[ view plain ]
| 000 -LEADER | |
|---|---|
| fixed length control field | 01291cam a2200265 4500 |
| 008 - FIXED-LENGTH DATA ELEMENTS--GENERAL INFORMATION | |
| fixed length control field | #DATE n2001 000 0 eng u |
| 020 ## - INTERNATIONAL STANDARD BOOK NUMBER | |
| International Standard Book Number | 0333793064 |
| 035 ## - SYSTEM CONTROL NUMBER | |
| System control number | (Sirsi) u117474 |
| 041 ## - LANGUAGE CODE | |
| Language code of text/sound track or separate title | eng |
| 050 ## - LIBRARY OF CONGRESS CALL NUMBER | |
| Classification number | 690.026 |
| 100 ## - MAIN ENTRY--PERSONAL NAME | |
| Personal name | James, M.F. |
| 245 ## - TITLE STATEMENT | |
| Title | Construction law |
| 250 ## - EDITION STATEMENT | |
| Edition statement | 2nd ed. |
| 260 ## - PUBLICATION, DISTRIBUTION, ETC. | |
| Place of publication, distribution, etc. | Basingstoke |
| Name of publisher, distributor, etc. | Palgrave Macmillian |
| Date of publication, distribution, etc. | 2001 |
| 300 ## - PHYSICAL DESCRIPTION | |
| Extent | xxvii,316p. |
| Dimensions | 23cm. |
| 350 ## - PRICE (NR) (BK AM CF MU VM SE) [OBSOLETE] | |
| Price | 21.99 |
| 520 ## - SUMMARY, ETC. | |
| Summary, etc. | Explores the general principles that govern civil liability for the design and construction of building works. It addresses three key questions which arise in the event of the design or construction proving defective: Who can be sued? Who can sue? What remedies are available to the injured party? Takes into account recent House of Lords decisions on construction liability, and includes a chapter on the liability of surveyors for valuation and survey. The book is aimed at degree and professional students in building, surveying or construction management, and at law degree students specialising in construction law. |
| 650 ## - SUBJECT ADDED ENTRY--TOPICAL TERM | |
| Topical term or geographic name entry element | BUILDING INDUSTRY |
| 650 ## - SUBJECT ADDED ENTRY--TOPICAL TERM | |
| Topical term or geographic name entry element | CONSTRUCTION LAW |
| 650 ## - SUBJECT ADDED ENTRY--TOPICAL TERM | |
| Topical term or geographic name entry element | EUROPEAN LAW |
| 650 ## - SUBJECT ADDED ENTRY--TOPICAL TERM | |
| Topical term or geographic name entry element | BUILT ENVIRONMENT-BUILDING CONTRACT FORMS |
| 650 ## - SUBJECT ADDED ENTRY--TOPICAL TERM | |
| Topical term or geographic name entry element | LIABILITY |
| 690 ## - LOCAL SUBJECT ADDED ENTRY--TOPICAL TERM (OCLC, RLIN) | |
| Topical term or geographic name as entry element | BUILDING AND CONSTRUCTION-LAW |
| 942 ## - ADDED ENTRY ELEMENTS (KOHA) | |
| Suppress in OPAC | 0 |
| Withdrawn status | Lost status | Source of classification or shelving scheme | Damaged status | Not for loan | Home library | Current library | Shelving location | Date acquired | Cost, normal purchase price | Total Checkouts | Full call number | Barcode | Date last seen | Date last checked out | Copy number | Cost, replacement price | Price effective from | Koha item type |
|---|---|---|---|---|---|---|---|---|---|---|---|---|---|---|---|---|---|---|
| Dewey Decimal Classification | London | London | Books | 08/05/2002 | 18.69 | 30 | 690.026 JAM | 30065683 | 06/08/2019 | 22/12/2008 | 1 | 18.69 | 06/08/2019 | Book |